[Event "Titled Tuesday intern op 27th Feb Late"]
[Site "Chess.com INT"]
[Date "2024.02.27"]
[Round "1"]
[White "Gonzalez Ballen, Miguel Eduardo"]
[Black "Petukhov, Dmitry"]
[Result "0-1"]
[WhiteElo "1828"]
[BlackElo "2350"]
[PlyCount "72"]
[EventDate "2024.02.27"]
[EventType "swiss (blitz)"]
[EventRounds "11"]
[EventCountry "USA"]
[SourceTitle "CB10_2024"]
[SourceDate "2024.03.06"]
[SourceVersion "1"]
[SourceVersionDate "2024.03.06"]
[SourceQuality "1"]

1. Nf3 Nf6 2. e3 g6 3. b3 Bg7 4. Bb2 0-0 5. d4 d6 6. Nbd2 c6 7. Be2 Nbd7 8. 0-0 Re8 9. c4 e5 10. Ne1 e4 11. Qc2 Qe7 12. b4 d5 13. cxd5 cxd5 14. Qb3 Nb6 15. a4 Be6 16. a5 Nc8 17. b5 Nd6 18. Ba3 Qd7 19. Bxd6 Qxd6 20. Nc2 Bg4 21. Rfe1 Bxe2 22. Rxe2 Ng4 23. Nf1 h5 24. Nb4 Red8 25. Rc1 Bf8 26. Rb2 Rac8 27. Rxc8 Rxc8 28. Qxd5 Rc1 29. Qxd6 Bxd6 30. g3 Bxb4 31. Rxb4 Rc2 32. d5 Nxf2 33. d6 Kf8 34. d7 Ke7 35. Rd4 Kd8 36. Rd2 Rxd2 0-1

[Event "Titled Tuesday intern op 06th Feb Late"]
[Site "Chess.com INT"]
[Date "2024.02.06"]
[Round "4"]
[White "Schmakel, Sam A"]
[Black "Petukhov, Dmitry"]
[Result "1-0"]
[WhiteElo "2457"]
[BlackElo "2350"]
[PlyCount "63"]
[EventDate "2024.02.06"]
[EventType "swiss (blitz)"]
[EventRounds "11"]
[EventCountry "USA"]
[SourceTitle "CB07_2024"]
[SourceDate "2024.02.14"]
[SourceVersion "1"]
[SourceVersionDate "2024.02.14"]
[SourceQuality "1"]

1. e4 c5 2. Nc3 Nc6 3. f4 e6 4. Nf3 d5 5. Bb5 d4 6. Ne2 Bd7 7. 0-0 Nf6 8. d3 a6 9. Ba4 Be7 10. c3 dxc3 11. bxc3 c4 12. e5 cxd3 13. Qxd3 Nd5 14. c4 Ndb4 15. Qe4 Nxe5 16. Nxe5 Bxa4 17. Qxb7 f6 18. Nc3 Rb8 19. Qf3 Qd4+ 20. Kh1 fxe5 21. Rb1 Bc2 22. Rb2 Bd3 23. Ne2 Qxc4 24. fxe5 Rf8 25. Qh5+ g6 26. Rxf8+ Bxf8 27. Qxh7 Bxe2 28. Bg5 Qd3 29. h3 Nc6 30. Rd2 Qb1+ 31. Kh2 Qf5 32. Qd7# 1-0

[Event "Titled Tuesday intern op 16th Jan Late"]
[Site "Chess.com INT"]
[Date "2024.01.16"]
[Round "4"]
[White "Jaracz, Pawel"]
[Black "Petukhov, Dmitry"]
[Result "0-1"]
[WhiteElo "2472"]
[BlackElo "2350"]
[PlyCount "86"]
[EventDate "2024.01.16"]
[EventType "swiss (blitz)"]
[EventRounds "11"]
[EventCountry "USA"]
[SourceTitle "CB04_2024"]
[SourceDate "2023.10.16"]
[SourceVersion "1"]
[SourceVersionDate "2023.10.16"]
[SourceQuality "1"]

1. c4 Nf6 2. d4 g6 3. g3 Bg7 4. Bg2 0-0 5. Nc3 c6 6. d5 cxd5 7. cxd5 e6 8. Nf3 exd5 9. 0-0 d6 10. Bg5 Qa5 11. a3 Be6 12. Nd4 Nc6 13. b4 Qb6 14. e3 Nxd4 15. exd4 Ne4 16. Nxe4 dxe4 17. d5 Bf5 18. Rc1 Bb2 19. Rb1 Qd4 20. Qe2 Bxa3 21. Rfd1 Qc3 22. g4 Bd7 23. Bd2 Qe5 24. Rb3 Bb2 25. Bh6 Bd4 26. Bxf8 Rxf8 27. Qxe4 Qxe4 28. Bxe4 Ba4 29. Rxd4 Bxb3 30. Rd3 Bc2 31. Re3 Bxe4 32. Rxe4 Rc8 33. Re7 Rc4 34. Rxb7 Rxg4+ 35. Kf1 Rd4 36. Ke2 Rxd5 37. Rxa7 Rh5 38. Rd7 Rxh2 39. b5 Rh1 40. b6 Rb1 41. b7 Kg7 42. Kd3 h5 43. Kc2 Rb6 0-1

[Event "Titled Tuesday intern op 16th Jan Late"]
[Site "Chess.com INT"]
[Date "2024.01.16"]
[Round "1"]
[White "Paravyan, David"]
[Black "Petukhov, Dmitry"]
[Result "1-0"]
[WhiteElo "2612"]
[BlackElo "2350"]
[PlyCount "83"]
[EventDate "2024.01.16"]
[EventType "swiss (blitz)"]
[EventRounds "11"]
[EventCountry "USA"]
[SourceTitle "CB04_2024"]
[SourceDate "2023.10.16"]
[SourceVersion "1"]
[SourceVersionDate "2023.10.16"]
[SourceQuality "1"]

1. e4 c5 2. Nf3 d6 3. d4 cxd4 4. Nxd4 Nf6 5. Nc3 Nc6 6. Bg5 Bd7 7. Nxc6 Bxc6 8. Bxf6 gxf6 9. Bb5 Bxb5 10. Nxb5 e6 11. 0-0 Be7 12. c4 a6 13. Nd4 Rc8 14. b3 Qa5 15. Qe2 Rg8 16. g3 h5 17. h4 Qc5 18. Rad1 Bd8 19. Kg2 Bb6 20. Nc2 Qc6 21. Nb4 Qc7 22. Qxh5 Bc5 23. Nd3 Qc6 24. Qf3 Ke7 25. Rfe1 Rg7 26. Nxc5 Qxc5 27. Rd3 Qe5 28. Red1 Rc6 29. Qe3 b6 30. R1d2 Rg6 31. b4 Rg8 32. a3 Rd8 33. Rd4 Rdc8 34. Qe2 f5 35. f4 Qg7 36. exf5 Rg8 37. Qf3 Rgc8 38. fxe6 fxe6 39. Qe4 b5 40. c5 d5 41. Rxd5 Kf7 42. Rd7+ 1-0

[Event "Titled Tuesday intern op 29th Aug Late"]
[Site "Chess.com INT"]
[Date "2023.08.29"]
[Round "2"]
[White "Aqib, Javaid Butt"]
[Black "Petukhov, Dmitry"]
[Result "0-1"]
[WhiteElo "1759"]
[BlackElo "2350"]
[PlyCount "70"]
[EventDate "2023.08.29"]
[EventType "swiss (blitz)"]
[EventRounds "11"]
[EventCountry "USA"]
[SourceTitle "EXT 2024"]
[Source "ChessBase"]
[SourceDate "2023.10.10"]
[SourceVersion "1"]
[SourceVersionDate "2023.10.10"]
[SourceQuality "1"]

1. d4 Nf6 2. g3 g6 3. Bg2 Bg7 4. c4 0-0 5. Nc3 c6 6. Nh3 d5 7. cxd5 cxd5 8. Nf4 e6 9. 0-0 Nc6 10. e3 Bd7 11. b3 Rc8 12. Ba3 Re8 13. Nb5 Qa5 14. Nd6 Qxa3 15. Nxe8 Nxe8 16. Qc1 Qxc1 17. Raxc1 Nd6 18. Nd3 b6 19. Rc2 Ne7 20. Rfc1 Rxc2 21. Rxc2 Ne8 22. Ne5 Bxe5 23. dxe5 Nc6 24. f4 f6 25. exf6 Nxf6 26. e4 Nxe4 27. Bxe4 dxe4 28. Kf2 Kf7 29. Ke3 Ke7 30. Kxe4 Kd6 31. Rd2+ Ke7 32. h4 Nb4 33. g4 Bc6+ 34. Ke5 Bf3 35. Rd4 Nc6# 0-1

[Event "Titled Tuesday intern op 29th Aug Late"]
[Site "Chess.com INT"]
[Date "2023.08.29"]
[Round "3"]
[White "Glavina, Pablo"]
[Black "Petukhov, Dmitry"]
[Result "1-0"]
[WhiteElo "2415"]
[BlackElo "2350"]
[PlyCount "53"]
[EventDate "2023.08.29"]
[EventType "swiss (blitz)"]
[EventRounds "11"]
[EventCountry "USA"]
[SourceTitle "EXT 2024"]
[Source "ChessBase"]
[SourceDate "2023.10.10"]
[SourceVersion "1"]
[SourceVersionDate "2023.10.10"]
[SourceQuality "1"]

1. c4 e5 2. Nc3 Nf6 3. Nf3 Nc6 4. g3 Bb4 5. Bg2 Bxc3 6. dxc3 d6 7. 0-0 0-0 8. Qc2 Be6 9. b3 a5 10. a4 Ne7 11. Ng5 Bf5 12. e4 Bd7 13. f4 Bc6 14. f5 h6 15. Nh3 Kh8 16. Nf2 Neg8 17. g4 Nd7 18. Be3 f6 19. h4 b6 20. Bf3 Nc5 21. Kg2 Qe8 22. Rh1 g6 23. Rag1 gxf5 24. gxf5 Kh7 25. Kf1 Ne7 26. Qd1 Qf7 27. Bh5 1-0

[Event "Titled Tuesday intern op 29th Aug Late"]
[Site "Chess.com INT"]
[Date "2023.08.29"]
[Round "1"]
[White "Petukhov, Dmitry"]
[Black "Firouzja, Alireza"]
[Result "1/2-1/2"]
[WhiteElo "2350"]
[BlackElo "2777"]
[PlyCount "73"]
[EventDate "2023.08.29"]
[EventType "swiss (blitz)"]
[EventRounds "11"]
[EventCountry "USA"]
[SourceTitle "EXT 2024"]
[Source "ChessBase"]
[SourceDate "2023.10.10"]
[SourceVersion "1"]
[SourceVersionDate "2023.10.10"]
[SourceQuality "1"]

1. e4 c5 2. c3 Nf6 3. e5 Nd5 4. d4 cxd4 5. Nf3 d6 6. Qxd4 e6 7. Bb5+ Nc6 8. Na3 Bd7 9. Bxc6 Bxc6 10. Nc4 dxe5 11. Ncxe5 f6 12. Nxc6 bxc6 13. 0-0 Be7 14. Qa4 Qd7 15. Rd1 e5 16. Be3 Qe6 17. Qe4 Kf7 18. Re1 c5 19. c4 Nxe3 20. Rxe3 Rad8 21. b3 g6 22. h4 Rd7 23. h5 Qf5 24. Qc6 Rd6 25. Qb7 Qd7 26. Qe4 Rd8 27. Rae1 Qf5 28. Qb7 R8d7 29. Qa8 Rd1 30. Qh8 gxh5 31. Rxe5 fxe5 32. Nxe5+ Ke6 33. Qg8+ Kd6 34. Qb8+ Ke6 35. Qg8+ Kd6 36. Qb8+ Ke6 37. Qg8+ 1/2-1/2

[Event "Titled Tuesday intern op 18th Jul Late"]
[Site "Chess.com INT"]
[Date "2023.07.18"]
[Round "7"]
[White "Cruz, William Ferreira Da"]
[Black "Petukhov, Dmitry"]
[Result "1/2-1/2"]
[WhiteElo "2216"]
[BlackElo "2350"]
[PlyCount "120"]
[EventDate "2023.07.18"]
[EventType "swiss (blitz)"]
[EventRounds "11"]
[EventCountry "USA"]
[SourceTitle "EXT 2024"]
[Source "ChessBase"]
[SourceDate "2023.10.10"]
[SourceVersion "1"]
[SourceVersionDate "2023.10.10"]
[SourceQuality "1"]

1. d4 Nf6 2. c4 g6 3. Nc3 d5 4. Bf4 Bg7 5. e3 0-0 6. Rc1 dxc4 7. Bxc4 c5 8. dxc5 Nbd7 9. b4 a5 10. a3 axb4 11. axb4 Nh5 12. Bg5 b6 13. Nd5 Nhf6 14. c6 Ne5 15. c7 Qe8 16. Nxb6 Nxc4 17. Nxc4 Ne4 18. Nf3 Nxg5 19. Nxg5 Qb5 20. Nf3 Qxb4+ 21. Qd2 Qxd2+ 22. Nfxd2 Ra7 23. Nb6 Rb7 24. Nxc8 Rxc8 25. 0-0 Rbxc7 26. Rxc7 Rxc7 27. Ne4 Rc4 28. Nd2 Rc2 29. Nf3 Bf6 30. h3 h5 31. g3 Kg7 32. Kg2 e5 33. h4 e4 34. Ng1 g5 35. hxg5 Bxg5 36. Re1 h4 37. gxh4 Bxh4 38. Nh3 f5 39. Kf1 Kg6 40. Re2 Rc1+ 41. Kg2 Bg5 42. Ra2 Rc6 43. f3 Bxe3 44. fxe4 fxe4 45. Re2 Rc3 46. Nf2 Bxf2 47. Kxf2 Kf5 48. Ke1 Kf4 49. Rh2 Ke3 50. Rh3+ Kd4 51. Rxc3 Kxc3 52. Ke2 Kd4 53. Kd2 e3+ 54. Ke2 Ke4 55. Ke1 Kd3 56. Kd1 Kd4 57. Ke2 Ke4 58. Ke1 Kf3 59. Kf1 Kf4 60. Ke2 Ke4 1/2-1/2

[Event "Titled Tuesday intern op 20th Jun Late"]
[Site "Chess.com INT"]
[Date "2023.06.20"]
[Round "3"]
[White "Banzea, Alexandru Bogdan"]
[Black "Petukhov, Dmitry"]
[Result "0-1"]
[WhiteElo "2394"]
[BlackElo "2350"]
[PlyCount "60"]
[EventDate "2023.06.20"]
[EventType "swiss (blitz)"]
[EventRounds "11"]
[EventCountry "USA"]
[SourceTitle "EXT 2024"]
[Source "ChessBase"]
[SourceDate "2023.10.10"]
[SourceVersion "1"]
[SourceVersionDate "2023.10.10"]
[SourceQuality "1"]

1. d4 Nf6 2. Bf4 d5 3. Nf3 Bf5 4. e3 e6 5. Bd3 Bg6 6. Ne5 Bd6 7. Nd2 Nbd7 8. Nxg6 hxg6 9. Bxd6 cxd6 10. 0-0 e5 11. c4 exd4 12. exd4 dxc4 13. Re1+ Kf8 14. Nxc4 Nb6 15. Qf3 Nxc4 16. Bxc4 d5 17. Bb3 Rh4 18. Qc3 Rc8 19. Qb4+ Kg8 20. Qxb7 Rxd4 21. Re7 Qf8 22. Qxa7 Rd2 23. Rae1 Rxb2 24. g4 Nxg4 25. Bxd5 Nh6 26. Qd7 Kh7 27. Bxf7 Rcc2 28. R1e6 Rxf2 29. Bxg6+ Kh8 30. Re8 Rf1# 0-1

[Event "Titled Tuesday intern op 20th Jun Late"]
[Site "Chess.com INT"]
[Date "2023.06.20"]
[Round "1"]
[White "Petukhov, Dmitry"]
[Black "Le, Tuan Minh"]
[Result "0-1"]
[WhiteElo "2350"]
[BlackElo "2549"]
[PlyCount "74"]
[EventDate "2023.06.20"]
[EventType "swiss (blitz)"]
[EventRounds "11"]
[EventCountry "USA"]
[SourceTitle "EXT 2024"]
[Source "ChessBase"]
[SourceDate "2023.10.10"]
[SourceVersion "1"]
[SourceVersionDate "2023.10.10"]
[SourceQuality "1"]

1. e4 c5 2. c3 Nf6 3. e5 Nd5 4. d4 cxd4 5. Nf3 Nc6 6. Bc4 Nb6 7. Bb3 d5 8. exd6 Qxd6 9. 0-0 Be6 10. Bxe6 Qxe6 11. Nxd4 Qd7 12. Nxc6 Qxc6 13. Nd2 e6 14. Qg4 h5 15. Qg5 h4 16. h3 Rh6 17. Nf3 Rg6 18. Qh5 0-0-0 19. Nxh4 Rf6 20. Bg5 Rd5 21. Qg4 Be7 22. Rad1 Rxg5 23. Qxg5 Nd5 24. Qxg7 Nf4 25. f3 Kc7 26. Rd4 Ne2+ 27. Kh1 Nxd4 28. cxd4 Qc4 29. Rd1 Qc2 30. Re1 Rf4 31. Ng6 Qxg6 32. Qe5+ Bd6 33. Rc1+ Kd7 34. Qb5+ Ke7 35. Qxb7+ Kf6 36. Qd7 Rxd4 37. Qd8+ Kg7 0-1

[Event "Titled Tuesday intern op 20th Jun Late"]
[Site "Chess.com INT"]
[Date "2023.06.20"]
[Round "5"]
[White "Sanchez, Roberto Daniel"]
[Black "Petukhov, Dmitry"]
[Result "0-1"]
[WhiteElo "1966"]
[BlackElo "2350"]
[PlyCount "37"]
[EventDate "2023.06.20"]
[EventType "swiss (blitz)"]
[EventRounds "11"]
[EventCountry "USA"]
[SourceTitle "EXT 2024"]
[Source "ChessBase"]
[SourceDate "2023.10.10"]
[SourceVersion "1"]
[SourceVersionDate "2023.10.10"]
[SourceQuality "1"]

1. e4 c5 2. Nf3 d6 3. d4 cxd4 4. Nxd4 Nf6 5. Nc3 Nc6 6. Bg5 Bd7 7. f3 Rc8 8. Qd2 Nxd4 9. Qxd4 Qa5 10. Bd2 Qc5 11. Qd3 a6 12. 0-0-0 g6 13. Kb1 Bg7 14. h4 Be6 15. Be3 Qa5 16. Nd5 Nxd5 17. exd5 Bf5 18. Qxf5 gxf5 19. Bd3 0-1

[Event "Titled Tuesday intern op 20th Jun Late"]
[Site "Chess.com INT"]
[Date "2023.06.20"]
[Round "2"]
[White "Shapiro, Daniel E"]
[Black "Petukhov, Dmitry"]
[Result "0-1"]
[WhiteElo "2284"]
[BlackElo "2350"]
[PlyCount "54"]
[EventDate "2023.06.20"]
[EventType "swiss (blitz)"]
[EventRounds "11"]
[EventCountry "USA"]
[SourceTitle "EXT 2024"]
[Source "ChessBase"]
[SourceDate "2023.10.10"]
[SourceVersion "1"]
[SourceVersionDate "2023.10.10"]
[SourceQuality "1"]

1. d4 Nf6 2. c4 g6 3. Nc3 d5 4. Qb3 dxc4 5. Qxc4 Bg7 6. e4 0-0 7. Nf3 a6 8. Qa4 Nbd7 9. e5 Nb6 10. exf6 Nxa4 11. fxg7 Kxg7 12. Nxa4 Bg4 13. Be3 Bxf3 14. gxf3 Qd6 15. Nc3 e5 16. 0-0-0 exd4 17. Bxd4+ Kg8 18. Kb1 Rad8 19. h4 c5 20. Ne4 Qc6 21. Nf6+ Kh8 22. Nd7+ cxd4 23. Nxf8 Rxf8 24. Rxd4 Rc8 25. Bd3 Qxf3 26. Re1 Qxf2 27. Rd1 Qxd4 0-1

[Event "Titled Tuesday intern op 06th Jun Early"]
[Site "Chess.com INT"]
[Date "2023.06.06"]
[Round "3"]
[White "Petukhov, Dmitry"]
[Black "Kramnik, Vladimir"]
[Result "0-1"]
[WhiteElo "2350"]
[BlackElo "2753"]
[PlyCount "44"]
[EventDate "2023.06.06"]
[EventType "swiss (blitz)"]
[EventRounds "11"]
[EventCountry "USA"]
[SourceTitle "EXT 2024"]
[Source "ChessBase"]
[SourceDate "2023.10.10"]
[SourceVersion "1"]
[SourceVersionDate "2023.10.10"]
[SourceQuality "1"]

1. e4 c5 2. c3 d5 3. exd5 Qxd5 4. d4 Nf6 5. Nf3 Nc6 6. Be2 cxd4 7. cxd4 e6 8. 0-0 Be7 9. Nc3 Qd6 10. a3 0-0 11. Be3 b6 12. b4 Bb7 13. Qb3 Rac8 14. Rfd1 Rfd8 15. Rac1 h6 16. h3 Bf8 17. Nb5 Qb8 18. Nc3 Ne7 19. Ne5 Qa8 20. Bf1 Ned5 21. Nxd5 Bxd5 22. Bd2 Bxb3 0-1

[Event "Titled Tuesday intern op 30th May Late"]
[Site "Chess.com INT"]
[Date "2023.05.30"]
[Round "1"]
[White "Petukhov, Dmitry"]
[Black "Gazineu Neto, Rubens"]
[Result "1-0"]
[WhiteElo "2350"]
[BlackElo "1912"]
[PlyCount "57"]
[EventDate "2023.05.30"]
[EventType "swiss (blitz)"]
[EventRounds "11"]
[EventCountry "USA"]
[SourceTitle "CBM 214 Extra"]
[Source "ChessBase"]
[SourceDate "2023.07.31"]
[SourceVersion "1"]
[SourceVersionDate "2023.07.31"]
[SourceQuality "1"]

1. e4 c5 2. c3 d5 3. exd5 Qxd5 4. d4 Nc6 5. Nf3 e6 6. Be3 cxd4 7. cxd4 Bb4+ 8. Nc3 Nf6 9. Bd3 a6 10. 0-0 Qd6 11. a3 Bxc3 12. bxc3 0-0 13. a4 Nd5 14. c4 Nf4 15. Be4 Ng6 16. d5 exd5 17. cxd5 Nce7 18. Rc1 Bd7 19. Bc5 Qf6 20. Qb3 b5 21. axb5 Bxb5 22. Rfe1 Nf5 23. Bxf8 Rxf8 24. Bxf5 Qxf5 25. d6 Nf4 26. Nd4 Qd5 27. Qxd5 Nxd5 28. Nxb5 axb5 29. d7 1-0

[Event "Titled Tuesday intern op 30th May Late"]
[Site "Chess.com INT"]
[Date "2023.05.30"]
[Round "2"]
[White "Petukhov, Dmitry"]
[Black "Panesar, Vedant"]
[Result "0-1"]
[WhiteElo "2350"]
[BlackElo "2387"]
[PlyCount "40"]
[EventDate "2023.05.30"]
[EventType "swiss (blitz)"]
[EventRounds "11"]
[EventCountry "USA"]
[SourceTitle "CBM 214 Extra"]
[Source "ChessBase"]
[SourceDate "2023.07.31"]
[SourceVersion "1"]
[SourceVersionDate "2023.07.31"]
[SourceQuality "1"]

1. e4 e5 2. Nf3 Nc6 3. Bb5 a6 4. Ba4 Nf6 5. 0-0 b5 6. Bb3 Bc5 7. c3 d6 8. d4 Bb6 9. Bg5 h6 10. Bh4 g5 11. Bg3 exd4 12. cxd4 g4 13. e5 Nh5 14. exd6 Nxg3 15. hxg3 gxf3 16. Qxf3 Qxd6 17. Qxf7+ Kd8 18. Nc3 Rf8 19. Qg7 Bxd4 20. Qh7 Bf5 0-1

[Event "Titled Tuesday intern op 30th May Late"]
[Site "Chess.com INT"]
[Date "2023.05.30"]
[Round "7"]
[White "Shapiro, Daniel E"]
[Black "Petukhov, Dmitry"]
[Result "1-0"]
[WhiteElo "2284"]
[BlackElo "2350"]
[PlyCount "97"]
[EventDate "2023.05.30"]
[EventType "swiss (blitz)"]
[EventRounds "11"]
[EventCountry "USA"]
[SourceTitle "CBM 214 Extra"]
[Source "ChessBase"]
[SourceDate "2023.07.31"]
[SourceVersion "1"]
[SourceVersionDate "2023.07.31"]
[SourceQuality "1"]

1. d4 Nf6 2. c4 g6 3. Nc3 d5 4. Qb3 dxc4 5. Qxc4 Bg7 6. Nf3 a6 7. Qa4+ Qd7 8. Qa3 0-0 9. Bf4 Nc6 10. e3 Nh5 11. Bg5 e5 12. d5 Na7 13. Be2 e4 14. Nd2 Nf6 15. Bxf6 Bxf6 16. Ndxe4 Bg7 17. 0-0 Re8 18. Qc5 b6 19. Qc4 Bb7 20. Rfd1 Rad8 21. Rac1 b5 22. Qc5 Nc8 23. a4 bxa4 24. Qb4 Nb6 25. Nc5 Qe7 26. N3xa4 Bxd5 27. Nxb6 cxb6 28. Nxa6 Qg5 29. Qg4 Qxg4 30. Bxg4 Bxb2 31. Rb1 Be6 32. Rxb2 Bxg4 33. Rxd8 Rxd8 34. f3 Bc8 35. Rxb6 Rd1+ 36. Kf2 Kg7 37. Nc5 Rd2+ 38. Kg3 h5 39. Ne4 Rc2 40. h4 Bf5 41. Nd6 Bd3 42. Rb3 Bf1 43. Rb7 Rxg2+ 44. Kf4 Rh2 45. Nxf7 Kg8 46. Ng5 Rxh4+ 47. Ke5 Bg2 48. Kf6 Kh8 49. Rb8# 1-0

[Event "Titled Tuesday intern op 25th Apr Early"]
[Site "Chess.com INT"]
[Date "2023.04.25"]
[Round "4"]
[White "Gruzman, Ilya"]
[Black "Petukhov, Dmitry"]
[Result "0-1"]
[WhiteElo "2141"]
[BlackElo "2350"]
[PlyCount "46"]
[EventDate "2023.04.25"]
[EventType "swiss (blitz)"]
[EventRounds "11"]
[EventCountry "USA"]
[SourceTitle "EXT 2024"]
[Source "ChessBase"]
[SourceDate "2023.10.10"]
[SourceVersion "1"]
[SourceVersionDate "2023.10.10"]
[SourceQuality "1"]

1. e4 c5 2. c4 Nc6 3. Ne2 e5 4. d3 Be7 5. Nbc3 Nf6 6. g3 Nd4 7. Bg2 d6 8. 0-0 h5 9. f4 h4 10. fxe5 dxe5 11. Bg5 hxg3 12. hxg3 Ng4 13. Bxe7 Qxe7 14. Nd5 Qg5 15. Nxd4 exd4 16. Rf4 Qh5 17. Nc7+ Kd8 18. Nxa8 Qh2+ 19. Kf1 Ne3+ 20. Ke2 Qxg2+ 21. Rf2 Bg4+ 22. Ke1 Rh1+ 23. Kd2 Qxf2+ 0-1

[Event "Titled Tuesday intern op 25th Apr Early"]
[Site "Chess.com INT"]
[Date "2023.04.25"]
[Round "5"]
[White "Petukhov, Dmitry"]
[Black "Ashraf, Artin"]
[Result "0-1"]
[WhiteElo "2350"]
[BlackElo "2314"]
[PlyCount "140"]
[EventDate "2023.04.25"]
[EventType "swiss (blitz)"]
[EventRounds "11"]
[EventCountry "USA"]
[SourceTitle "EXT 2024"]
[Source "ChessBase"]
[SourceDate "2023.10.10"]
[SourceVersion "1"]
[SourceVersionDate "2023.10.10"]
[SourceQuality "1"]

1. e4 e5 2. Nf3 Nc6 3. Bb5 Nf6 4. 0-0 Nxe4 5. d4 Nd6 6. Bxc6 dxc6 7. dxe5 Nf5 8. Qxd8+ Kxd8 9. Nc3 Be7 10. Ne2 c5 11. Nf4 c6 12. h3 h5 13. Ne2 Be6 14. b3 a5 15. Nf4 a4 16. Nxe6+ fxe6 17. Bg5 Bxg5 18. Nxg5 Ke7 19. c3 Rhd8 20. Ne4 Rd5 21. f4 b6 22. Kf2 Rd3 23. Rfd1 Rxd1 24. Rxd1 axb3 25. axb3 Ra3 26. g4 hxg4 27. hxg4 Nh6 28. Kf3 Nf7 29. g5 Rxb3 30. Ra1 Nh8 31. Ra7+ Kf8 32. Ra8+ Kf7 33. Rxh8 b5 34. Rc8 b4 35. Rxc6 bxc3 36. Rxc5 c2+ 37. Kg4 Rb4 38. Nd6+ Kg6 39. Rxc2 Rb6 40. Rc8 Rb1 41. Ne4 Rg1+ 42. Ng3 Kf7 43. Rc7+ Kg6 44. Rc6 Kf7 45. g6+ Ke7 46. Rc7+ Kf8 47. Rf7+ Kg8 48. Re7 Kf8 49. Rxe6 Ra1 50. Rb6 Rb1 51. Nf5 Rxb6 52. Nd6 Ke7 53. Nc4 Rxg6+ 54. Kf5 Rc6 55. Ne3 Kf7 56. Nd5 Rc5 57. Ne3 Rc3 58. Ke4 Rc1 59. f5 Re1 60. Kf4 Ra1 61. Ke4 Ra4+ 62. Kd5 Rf4 63. e6+ Kf6 64. Kd6 Rd4+ 65. Nd5+ Kxf5 66. e7 Re4 67. Nc7 g5 68. e8Q Rxe8 69. Nxe8 g4 70. Ng7+ Kg6 0-1

[Event "Titled Tuesday intern op 25th Apr Early"]
[Site "Chess.com INT"]
[Date "2023.04.25"]
[Round "3"]
[White "Petukhov, Dmitry"]
[Black "Spata, German"]
[Result "0-1"]
[WhiteElo "2350"]
[BlackElo "2364"]
[PlyCount "126"]
[EventDate "2023.04.25"]
[EventType "swiss (blitz)"]
[EventRounds "11"]
[EventCountry "USA"]
[SourceTitle "EXT 2024"]
[Source "ChessBase"]
[SourceDate "2023.10.10"]
[SourceVersion "1"]
[SourceVersionDate "2023.10.10"]
[SourceQuality "1"]

1. e4 c5 2. c3 e6 3. d4 d5 4. e5 Bd7 5. Nf3 Qb6 6. a3 Bb5 7. c4 Bxc4 8. Bxc4 dxc4 9. d5 exd5 10. Qxd5 Ne7 11. Qxc4 Nbc6 12. 0-0 Ng6 13. Nc3 Be7 14. Nd5 Qd8 15. Be3 0-0 16. Bxc5 Bxc5 17. Qxc5 Re8 18. Rad1 Ngxe5 19. Nxe5 Rxe5 20. Qc4 Rc8 21. Qd3 h6 22. h3 Qe8 23. Ne3 Qe6 24. Qd7 Qxd7 25. Rxd7 Re7 26. Rfd1 Kf8 27. Nf5 Rxd7 28. Rxd7 Rb8 29. g4 Ne5 30. Rc7 a6 31. Nd6 b5 32. f4 Nc4 33. Rxf7+ Kg8 34. Rd7 Nxd6 35. Rxd6 Rc8 36. Rxa6 Rc1+ 37. Kf2 Rc2+ 38. Kg3 Rxb2 39. f5 Rb3+ 40. Kh4 Kh7 41. Ra7 Kg8 42. Kh5 Rc3 43. f6 Rc5+ 44. Kh4 gxf6 45. Rb7 Kh8 46. Rf7 Rc6 47. Kh5 Kg8 48. Rb7 Rc3 49. h4 Rc4 50. Rxb5 Kf7 51. Rb7+ Ke6 52. Ra7 Rc3 53. a4 Rc8 54. a5 Rg8 55. a6 Ke5 56. Re7+ Kf4 57. a7 Ra8 58. Rg7 f5 59. gxf5 Kxf5 60. Kxh6 Kf6 61. h5 Rh8+ 62. Rh7 Ra8 63. Rb7 Rh8+ 0-1

[Event "Titled Tuesday intern op 11th Apr Early"]
[Site "Chess.com INT"]
[Date "2023.04.11"]
[Round "8"]
[White "Petukhov, Dmitry"]
[Black "Williams, Simon Kim"]
[Result "0-1"]
[WhiteElo "2350"]
[BlackElo "2465"]
[PlyCount "96"]
[EventDate "2023.04.11"]
[EventType "swiss (blitz)"]
[EventRounds "11"]
[EventCountry "USA"]
[SourceTitle "CBM 213 Extra"]
[Source "ChessBase"]
[SourceDate "2023.05.31"]
[SourceVersion "1"]
[SourceVersionDate "2023.05.31"]
[SourceQuality "1"]

1. e4 d6 2. d4 Nf6 3. Nc3 Nbd7 4. Bg5 e5 5. Nf3 Be7 6. Be2 c6 7. a4 h6 8. Bh4 0-0 9. 0-0 Nh7 10. Bxe7 Qxe7 11. a5 Ng5 12. Nxg5 hxg5 13. Bg4 Nf6 14. Bxc8 Raxc8 15. f3 g6 16. Qd2 Nh5 17. g3 Kg7 18. Rad1 Rcd8 19. Kg2 Rh8 20. Rf2 Kh7 21. Qe3 a6 22. Rfd2 Ng7 23. d5 c5 24. Ne2 Rb8 25. c3 b5 26. axb6 Rxb6 27. b4 Rc8 28. Ra2 f6 29. Rda1 Qb7 30. b5 axb5 31. Ra7 Qb8 32. h4 gxh4 33. Rd7 Rb7 34. Rxb7 Qxb7 35. Rh1 b4 36. cxb4 cxb4 37. Rxh4+ Kg8 38. Rg4 Kf7 39. Qh6 g5 40. f4 exf4 41. gxf4 b3 42. fxg5 Qe7 43. gxf6 Qxf6 44. Rf4 Qxf4 45. Nxf4 b2 46. Qg6+ Kg8 47. Ne6 Rc2+ 48. Kf3 Rc7 0-1